000 01564nam a22004097a 4500
003 CHAP
005 20220329143339.0
008 081023d2008 mx r 00010 spa d
010 _a95297
011 _a96269
035 _a106916
040 _cCHAP
090 _aTesis
100 1 _aVázquez Castañeda, José Inés.
_9120318
245 1 0 _aCalidad de semillas almacenadas de sorgo infectada por Claviceps africana en campo
_c/por José Inés Vázquez Castañeda
260 _aChapingo, Méx. :
_bEl autor,
_c2008
300 _aix, 44 h. :
_btablas
502 _aTesis (Ing. Agr. Esp. en Fitotecnia) -- UACH. Departamento de Fitotecnia
530 _aTambién disponible en línea
590 _aALEPH
_b10
_c20130110
_lUCH01
_h1525
590 _aBATCH-UPD
_b10
_c20130110
_lUCH01
_h0601
590 _aBATCH-UPD
_b10
_c20130110
_lUCH01
_h2304
590 _aBATCH-UPD
_b10
_c20130410
_lUCH01
_h0243
590 _aBATCH-UPD
_b10
_c20130914
_lUCH01
_h0948
590 _aBATCH-UPD
_b10
_c20140324
_lUCH01
_h1508
590 _aBATCH-UPD
_b10
_c20141002
_lUCH01
_h0837
590 _aCONVERSION
_b10
_c20130109
_lUCH01
_h1353
650 0 4 _aClaviceps africana.
_923723
650 0 4 _aSorgo
_xCalidad.
_9108633
650 0 4 _aSorgo
_xEnfermedades por hongos.
_9108664
650 0 4 _aSorgo
_xSemilla.
_9108720
856 _3Finding aid
_uhttp://10.13.5.2/tesis/106916.pdf
_zTeclea aqui
901 _aBK
942 _cFOLL
949 _aTesis
_bBC
_cTES
_d33724002039074
_eTS1
_gDonaciØn
_h48342
_i106916
_sb
949 _aTesis
_bBC
_cTES
_d33724002039082
_eTS2
_fc.2
_gDonaciØn
_h48343
_i106916
_sb
999 _c95297
_d95297